The Indian heritage / (Record no. 25030)
[ view plain ]
| 000 -LEADER | |
|---|---|
| fixed length control field | 00636nam a2200229 a 4500 |
| 001 - CONTROL NUMBER | |
| control field | 25030 |
| 003 - CONTROL NUMBER IDENTIFIER | |
| rucl marc code | BD-RjUL |
| 005 - DATE AND TIME OF LATEST TRANSACTION | |
| control field | 20211209050823.0 |
| 008 - FIXED-LENGTH DATA ELEMENTS--GENERAL INFORMATION | |
| fixed length control field | 140316r19601955enk 000 0 eng d |
| 035 ## - SYSTEM CONTROL NUMBER | |
| System control number | (BD-RjUL)25099 |
| 040 ## - CATALOGING SOURCE | |
| Original cataloging agency | PAU |
| Transcribing agency | PAU |
| Modifying agency | EQO |
| -- | BD-RjUL |
| Language of cataloging | eng |
| 041 ## - LANGUAGE CODE | |
| Language code of text/sound track or separate title | eng |
| 082 04 - DEWEY DECIMAL CLASSIFICATION NUMBER | |
| Classification number | 954 |
| Author mark and year | KAI 1960 |
| Edition number | 23 |
| 090 ## - LOCALLY ASSIGNED LC-TYPE CALL NUMBER (OCLC); LOCAL CALL NUMBER (OCLC) | |
| Classification number (OCLC) (R) ; Classification number, CALL (RLIN) (NR) | DS421 |
| Local cutter number (OCLC) ; Book number/undivided call number, CALL (RLIN) | .H8 1955 |
| 100 0# - MAIN ENTRY--PERSONAL NAME | |
| Personal name | Kabir, Humayun |
| Dates associated with a name | 1906-1969. |
| 9 (RLIN) | 67614 |
| 245 14 - TITLE STATEMENT | |
| Title | The Indian heritage / |
| Statement of responsibility, etc. | Humayun Kabir |
| 250 ## - EDITION STATEMENT | |
| Edition statement | 3rd ed. |
| 260 ## - PUBLICATION, DISTRIBUTION, ETC. (IMPRINT) | |
| Place of publication, distribution, etc. | London : |
| Name of publisher, distributor, etc. | Asia Publishing House, |
| Date of publication, distribution, etc. | 1955 []reprinted 1960]. |
| 300 ## - PHYSICAL DESCRIPTION | |
| Pagination | x, 142 p. ; |
| Size | 22 cm. |
| 651 #0 - SUBJECT ADDED ENTRY--GEOGRAPHIC NAME | |
| Geographic name | India |
| General subdivision | History. |
| 9 (RLIN) | 76996 |
| 942 ## - ADDED ENTRY ELEMENTS (KOHA) | |
| Source of classification or shelving scheme | Dewey Decimal Classification |
| Koha item type | Books |
| Lost status | Source of classification or shelving scheme | Damaged status | Not for loan | Collection code | Permanent Location | Current Location | Shelving location | Date acquired | Source of acquisition | Cost, normal purchase price | Total Checkouts | Full call number | Date last seen | Copy number | Koha item type |
|---|---|---|---|---|---|---|---|---|---|---|---|---|---|---|---|
| Dewey Decimal Classification | Added to bundle | Non-fiction | Central Library, University of Rajshahi | Central Library, University of Rajshahi | Reading Room | 12/11/1962 | Black well | 18.00 | 954 KAI 1960 | 16/03/2014 | C-1 | Books | |||
| Dewey Decimal Classification | Non-fiction | Central Library, University of Rajshahi | Central Library, University of Rajshahi | 03/06/1965 | Oriental | 4.00 | 954 KAI 1962 | 16/03/2014 | C-2 | Books | |||||
| Dewey Decimal Classification | Added to bundle | Non-fiction | Central Library, University of Rajshahi | Central Library, University of Rajshahi | Reading Room | 26/10/1962 | zeithinger | 18.60 | 954 KAI 1960 | 23/03/2014 | C-4 | Books | |||
| Dewey Decimal Classification | Non-fiction | Central Library, University of Rajshahi | Central Library, University of Rajshahi | 01/06/2019 | Euro Park | 1.25 | 954 KAI 1964 | 23/03/2014 | C-5 | Books | |||||
| Dewey Decimal Classification | Non-fiction | Central Library, University of Rajshahi | Central Library, University of Rajshahi | 09/12/2021 | Zeithenger | 4.00 | 954 KAI 1962 | 29/04/2017 | C-3 | Books |